[Event "Szachowe Lato Poznan 2011, OPEN"]
[Site "WSUS, Poznan"]
[Date "2011.??.??"]
[Round "5.1"]
[White "Chojnacki, Krzysztof"]
[Black "Tomczak, Jacek"]
[Result "1/2-1/2"]
[WhiteElo "2437"]
[BlackElo "2548"]
[PlyCount "75"]
[EventDate "2011.??.??"]

1. d4 Nf6 2. c4 g6 3. Nc3 d5 4. cxd5 Nxd5 5. Nf3 Bg7 6. e4 Nxc3 7. bxc3 c5 8.
Be3 Qa5 9. Nd2 O-O 10. Be2 b6 11. O-O Ba6 12. Nc4 Bxc4 13. Bxc4 Nc6 14. Rc1 e6
15. Bb3 cxd4 16. cxd4 Nxd4 17. Bxd4 Rfd8 18. Bxb6 Qxb6 19. Qe2 a5 20. Rfd1 a4
21. Rxd8+ Qxd8 22. Bc4 Rb8 23. g3 Rb2 24. Rc2 a3 25. Kg2 Bd4 26. Bd3 Qb6 27.
Qd2 Kg7 28. Bc4 h5 29. h4 Bf6 30. Be2 Qc5 31. Bd1 Qe5 32. Qd3 Qa5 33. Qd6 Qe1
34. Qxa3 Rb8 35. Qc1 Rd8 36. Bf3 Qxc1 37. Rxc1 Rd2 38. Re1 1/2-1/2

[Event "Szachowe Lato Poznan 2011, OPEN"]
[Site "WSUS, Poznan"]
[Date "2011.??.??"]
[Round "5.2"]
[White "Musialkiewicz, Jan"]
[Black "Urban, Klaudiusz"]
[Result "0-1"]
[WhiteElo "2150"]
[BlackElo "2456"]
[PlyCount "58"]
[EventDate "2011.??.??"]

1. e4 c6 2. Ne2 d5 3. e5 c5 4. d4 Nc6 5. c3 a6 6. Be3 Nh6 7. Nf4 Nf5 8. Bd3
cxd4 9. cxd4 Nfxd4 10. O-O g6 11. e6 Bxe6 12. Bxd4 Nxd4 13. Qa4+ Nc6 14. Nxe6
fxe6 15. Nc3 Bg7 16. Rae1 Qd6 17. Bb1 O-O 18. Qg4 Nd4 19. Ne2 Nf5 20. h4 Rac8
21. b3 e5 22. Rd1 e6 23. h5 Rf6 24. Ng3 Qf8 25. Rfe1 Nxg3 26. Qxg3 e4 27. Rc1
gxh5 28. Rxc8 Qxc8 29. Qg5 Qf8 0-1

[Event "Szachowe Lato Poznan 2011, OPEN"]
[Site "WSUS, Poznan"]
[Date "2011.??.??"]
[Round "5.3"]
[White "Moranda, Wojciech"]
[Black "Stachowiak, Slawomir"]
[Result "1-0"]
[WhiteElo "2586"]
[BlackElo "2023"]
[PlyCount "79"]
[EventDate "2011.??.??"]

1. d4 d5 2. c4 e6 3. Nf3 Nf6 4. g3 c6 5. Nbd2 Bd6 6. Bg2 Nbd7 7. O-O O-O 8. Qc2
e5 9. cxd5 Nxd5 10. Nc4 Bc7 11. Ncxe5 Nxe5 12. Nxe5 Bxe5 13. dxe5 Qe7 14. e4
Nc7 15. f4 c5 16. Be3 b6 17. Rfd1 Bb7 18. Rd2 Rfd8 19. Rad1 Rxd2 20. Qxd2 Kf8
21. f5 Bc6 22. Bg5 f6 23. exf6 gxf6 24. e5 Bxg2 25. Bxf6 Qf7 26. Qxg2 Rc8 27.
Qd2 Ne8 28. Bg5 Kg8 29. Qd5 Qxd5 30. Rxd5 c4 31. e6 a6 32. f6 Nc7 33. Rd6 b5
34. Rc6 h6 35. f7+ Kg7 36. Bxh6+ Kxh6 37. e7+ Kg7 38. f8=Q+ Rxf8 39. exf8=Q+
Kxf8 40. Rxc7 1-0

[Event "Szachowe Lato Poznan 2011, OPEN"]
[Site "WSUS, Poznan"]
[Date "2011.??.20"]
[Round "5.4"]
[White "Szelag, Marcin"]
[Black "Musialkiewicz, Pawel"]
[Result "1-0"]
[WhiteElo "2478"]
[BlackElo "1961"]
[PlyCount "205"]
[EventDate "2011.??.??"]

1. e4 c5 2. Nf3 d6 3. d4 cxd4 4. Nxd4 Nf6 5. Nc3 a6 6. Be3 Ng4 7. Bg5 h6 8. Bh4
g5 9. Bg3 Bg7 10. h3 Ne5 11. Nf5 Bxf5 12. exf5 Nbc6 13. Nd5 e6 14. fxe6 fxe6
15. Ne3 O-O 16. Be2 d5 17. O-O Qb6 18. Rb1 Rad8 19. h4 Qd4 20. hxg5 hxg5 21.
Bh5 Qxd1 22. Rfxd1 Kh7 23. Re1 Ng6 24. c3 Nce5 25. Bd1 Nd3 26. Re2 Ndf4 27. Rd2
d4 28. cxd4 Bxd4 29. Ng4 Kg7 30. Bf3 Rf7 31. Be4 Rfd7 32. Rc1 Bb6 33. Rdc2 Rd2
34. Bf3 R8d7 35. b3 Ba5 36. Kh2 b5 37. Rxd2 Bxd2 38. Rc6 Ra7 39. Be4 Kf7 40. f3
Ne7 41. Rd6 Bb4 42. Rd8 Bc3 43. Bf2 Rc7 44. Ra8 a5 45. Rb8 b4 46. Rb5 Nfd5 47.
Rxa5 Nc6 48. Rc5 Nd4 49. Rxc7+ Nxc7 50. Be3 Ndb5 51. Bxg5 Bg7 52. Bc1 Nc3 53.
a4 bxa3 54. Bxa3 N7b5 55. Bc5 Bd4 56. Bxd4 Nxd4 57. Ne5+ Kg7 58. b4 Kf6 59. Nc6
Nde2 60. Bd3 Nf4 61. Bc4 Nfd5 62. g3 e5 63. g4 Ke6 64. Kg3 Kd6 65. b5 e4 66. f4
Kc5 67. Ne5 Ne3 68. b6 Kxb6 69. g5 Kc5 70. g6 Nf5+ 71. Kg4 Ng7 72. f5 Ne8 73.
Kg5 e3 74. Bd3 Nd5 75. Ng4 Kd4 76. Be2 Ke4 77. f6 Nf4 78. g7 Nxg7 79. fxg7 Ne6+
80. Kf6 Nxg7 81. Kxg7 Kd4 82. Nh2 Ke4 83. Kf6 Kf4 84. Ng4 Ke4 85. Kg5 Kd4 86.
Kf4 Kd5 87. Kxe3 Kc5 88. Ke4 Kd6 89. Kd4 Ke6 90. Bd3 Kd6 91. Bc4 Kc6 92. Ne3
Kd6 93. Nf5+ Kc6 94. Bd3 Kb6 95. Kd5 Kc7 96. Kc5 Kd7 97. Bc4 Kc7 98. Bb5 Kb7
99. Ng7 Kc7 100. Ne6+ Kc8 101. Kb6 Kb8 102. Ba6 Ka8 103. Nc7+ 1-0

[Event "Szachowe Lato Poznan 2011, OPEN"]
[Site "WSUS, Poznan"]
[Date "2011.??.??"]
[Round "5.5"]
[White "Kozlowski, Tomasz"]
[Black "Shishkin, Vadim"]
[Result "0-1"]
[WhiteElo "1958"]
[BlackElo "2457"]
[PlyCount "56"]
[EventDate "2011.??.??"]

1. b4 d5 2. Bb2 Qd6 3. a3 a5 4. b5 e5 5. e3 c5 6. bxc6 bxc6 7. d4 e4 8. c4 Nf6
9. Nc3 Be7 10. cxd5 cxd5 11. Rc1 O-O 12. Qc2 Nbd7 13. Na4 Ba6 14. Bxa6 Qxa6 15.
Nc5 Qb6 16. Nxd7 Nxd7 17. Ne2 Rab8 18. Bc3 Bxa3 19. Ra1 Bd6 20. O-O Rfe8 21.
Rfc1 Rec8 22. Qa2 Rc4 23. Rcb1 h6 24. Nf4 Rxc3 25. Nxd5 Qd8 26. g3 Ra3 27. Qc4
Nb6 28. Nxb6 Rxb6 0-1

[Event "Szachowe Lato Poznan 2011, OPEN"]
[Site "WSUS, Poznan"]
[Date "2011.??.??"]
[Round "5.6"]
[White "Sliwerski, Radoslaw"]
[Black "Rozumek, Krzysztof"]
[Result "1-0"]
[WhiteElo "2174"]
[BlackElo "1929"]
[PlyCount "67"]
[EventDate "2011.??.??"]

1. d4 Nf6 2. c4 e5 3. dxe5 Ng4 4. e3 Nxe5 5. Nh3 Nbc6 6. Nf4 d6 7. Be2 g6 8.
Nc3 Bg7 9. O-O O-O 10. Nfd5 Be6 11. Qc2 Ne7 12. Rd1 c6 13. Nxe7+ Qxe7 14. b3
Rfd8 15. Ba3 Qc7 16. Rac1 f5 17. Qd2 Nf7 18. Bf3 Rd7 19. Bd5 Bxd5 20. cxd5 c5
21. Ne2 Re8 22. Nd4 Nd8 23. Ne6 Qb8 24. Nxg7 Rxg7 25. Bb2 Rf7 26. Qc3 Kf8 27.
e4 f4 28. e5 b5 29. Qd2 Rf5 30. e6 Qb7 31. Re1 h5 32. Re4 g5 33. h4 Qf7 34.
hxg5 1-0

[Event "Szachowe Lato Poznan 2011, OPEN"]
[Site "WSUS, Poznan"]
[Date "2011.??.??"]
[Round "5.7"]
[White "Glatty, Zbigniew"]
[Black "Bernat, Marcin"]
[Result "0-1"]
[WhiteElo "1950"]
[BlackElo "2138"]
[PlyCount "62"]
[EventDate "2011.??.??"]

1. d4 Nf6 2. c4 e6 3. a3 d5 4. Nc3 c5 5. e3 cxd4 6. exd4 Be7 7. Nf3 O-O 8. Bd3
dxc4 9. Bxc4 b6 10. O-O Bb7 11. Qe2 Nbd7 12. Rd1 Nd5 13. Ne4 N7f6 14. Ne5 Nxe4
15. Qxe4 Rc8 16. Bd3 f5 17. Qe2 Rxc1 18. Raxc1 Nf4 19. Qc2 Qd5 20. Bf1 Bg5 21.
f3 Nh5 22. Qc4 Be3+ 23. Kh1 Ng3+ 24. hxg3 Rf6 25. Qc8+ Bxc8 26. Rxc8+ Rf8 27.
Bc4 Qd6 28. Rc6 Qxc6 29. Nxc6 Rf6 30. Ne7+ Kf8 31. Nxf5 exf5 0-1

[Event "Szachowe Lato Poznan 2011, OPEN"]
[Site "WSUS, Poznan"]
[Date "2011.??.??"]
[Round "5.8"]
[White "Bajerlein, Dawid"]
[Black "Gorniewicz, Oskar"]
[Result "1-0"]
[WhiteElo "2016"]
[BlackElo "1914"]
[PlyCount "72"]
[EventDate "2011.??.??"]

1. d4 Nf6 2. c4 c5 3. e3 b5 4. Nd2 b4 5. e4 d6 6. f4 e5 7. fxe5 dxe5 8. Bd3 Bd6
9. Ndf3 O-O 10. Ne2 Nh5 11. O-O g6 12. Bh6 Re8 13. Qc2 Bg4 14. h3 Bxf3 15. Rxf3
a5 16. Raf1 Ra7 17. g4 Ng7 18. Qb1 f5 19. exf5 e4 20. Bxe4 Rxe4 21. f6 Rf7 22.
fxg7 Rxf3 23. Rxf3 Nd7 24. Ng3 Bxg3 25. Rf8+ Nxf8 26. gxf8=Q+ Qxf8 27. Bxf8
Kxf8 28. Kg2 Bf4 29. Qf1 g5 30. Qd3 Rxd4 31. Qf5+ Kg7 32. Qd7+ Kf6 33. Qf5+ Kg7
34. Qxc5 Rd2+ 35. Kf3 Rd3+ 36. Ke4 Rxh3 1-0

[Event "Szachowe Lato Poznan 2011, OPEN"]
[Site "WSUS, Poznan"]
[Date "2011.??.??"]
[Round "5.9"]
[White "Warchol, Maria"]
[Black "Wesolowski, Edgar"]
[Result "0-1"]
[WhiteElo "1820"]
[BlackElo "1983"]
[PlyCount "94"]
[EventDate "2011.??.??"]

1. e4 c5 2. Nf3 d6 3. d4 cxd4 4. Nxd4 Nf6 5. Nc3 g6 6. f3 Bg7 7. Be3 Nc6 8. Qd2
O-O 9. O-O-O d5 10. exd5 Nxd5 11. Nxc6 bxc6 12. Nxd5 cxd5 13. Qxd5 Qc7 14. Qc5
Qb7 15. Qa3 Be6 16. Bd4 Rfd8 17. Bxg7 Rxd1+ 18. Kxd1 Rd8+ 19. Bd3 Kxg7 20. Kc1
Qd5 21. Kb1 Bf5 22. Re1 e5 23. Qc3 f6 24. Qc4 Qxc4 25. Bxc4 Rd2 26. Bd3 Rxg2
27. Bxf5 gxf5 28. c4 Kf7 29. c5 Ke6 30. Rd1 e4 31. Rd6+ Ke7 32. fxe4 f4 33. Rd3
Re2 34. c6 Rxe4 35. c7 Rc4 36. Rh3 Kd6 37. Rxh7 Kd5 38. b3 Rc6 39. b4 Ke4 40.
Re7+ Kd3 41. Rd7+ Ke2 42. h4 f3 43. Re7+ Kd3 44. Rd7+ Ke4 45. Re7+ Kf4 46. Re6
Rxc7 47. Rxf6+ Kg3 0-1

[Event "Szachowe Lato Poznan 2011, OPEN"]
[Site "WSUS, Poznan"]
[Date "2011.??.??"]
[Round "5.10"]
[White "Bartkowiak, Damian"]
[Black "Kaluzny, Wlodzimierz"]
[Result "1-0"]
[WhiteElo "2123"]
[BlackElo "2114"]
[PlyCount "61"]
[EventDate "2011.??.??"]

1. d4 d5 2. c4 e6 3. Nc3 f5 4. Bf4 c6 5. e3 Nf6 6. Bd3 Bd6 7. Nge2 O-O 8. Qc2
Bxf4 9. Nxf4 Ne4 10. g4 Na6 11. a3 Nc7 12. gxf5 exf5 13. Rg1 Kh8 14. O-O-O Ne6
15. Bxe4 fxe4 16. Nce2 b6 17. cxd5 Nxf4 18. Nxf4 cxd5 19. Kb1 Rf7 20. Qe2 a5
21. Rg3 Raa7 22. Rdg1 Qd7 23. Qh5 Kg8 24. Rh3 Kf8 25. Qxh7 Qf5 26. Ng6+ Ke8 27.
Qh8+ Kd7 28. Ne5+ Kd6 29. Qd8+ Rad7 30. Nxf7+ Qxf7 31. Qxc8 1-0

[Event "Szachowe Lato Poznan 2011, OPEN"]
[Site "WSUS, Poznan"]
[Date "2011.??.??"]
[Round "5.11"]
[White "Nawrocki, Przemyslaw"]
[Black "Chojnacki, Tomasz"]
[Result "1/2-1/2"]
[WhiteElo "2059"]
[BlackElo "1874"]
[PlyCount "116"]
[EventDate "2011.??.??"]

1. d4 d5 2. Nf3 Nf6 3. c4 e6 4. Nc3 Be7 5. Bg5 h6 6. Bh4 O-O 7. e3 b6 8. cxd5
exd5 9. Qc2 c5 10. Bd3 Be6 11. Ne5 a6 12. O-O Qc7 13. Bf5 Qc8 14. Bxe6 Qxe6 15.
Qa4 Ra7 16. Rfe1 Rc7 17. Bg3 Rcc8 18. Rad1 b5 19. Qb3 c4 20. Qc2 Nc6 21. e4 Nb4
22. Qb1 Nxe4 23. Nxe4 dxe4 24. a3 Nd3 25. Nxd3 cxd3 26. Rxd3 exd3 27. Rxe6 fxe6
28. Qd1 Bg5 29. f4 Bxf4 30. Qxd3 Bxg3 31. hxg3 Rf5 32. Qe3 Kf7 33. g4 Rd5 34.
Qf2+ Ke7 35. Qh4+ Ke8 36. Qe1 Kd7 37. Qf2 Ke8 38. Qe1 Rc6 39. Qe4 Rcd6 40. Kh2
Rxd4 41. Qe5 Kf7 42. g5 hxg5 43. Qxg5 R6d5 44. Qe3 g5 45. Qf3+ Kg6 46. Qe2 e5
47. Qc2+ e4 48. Qc6+ Rd6 49. Qe8+ Kf5 50. Qf8+ Kg4 51. Qc8+ Rd7 52. Qc2 Kf5 53.
Qf2+ Kg6 54. Qc2 Rc4 55. Qf2 Rh7+ 56. Kg3 Rf7 57. Qb6+ Rf6 58. Qd8 Kg7 1/2-1/2

[Event "Szachowe Lato Poznan 2011, OPEN"]
[Site "WSUS, Poznan"]
[Date "2011.??.??"]
[Round "5.12"]
[White "Piechota, Izabela"]
[Black "Hemmerling, Jaroslaw"]
[Result "1/2-1/2"]
[WhiteElo "1780"]
[BlackElo "1994"]
[PlyCount "80"]
[EventDate "2011.??.??"]

1. e4 e6 2. d4 c5 3. c3 d5 4. e5 Nc6 5. Ne2 Nh6 6. h3 Nf5 7. g4 Nh4 8. Qd3 Qb6
9. Nd2 cxd4 10. cxd4 Bb4 11. Rb1 Bxd2+ 12. Bxd2 Nxd4 13. Nxd4 Qxd4 14. Bc3 Qxd3
15. Bxd3 d4 16. Bb5+ Bd7 17. Bxd7+ Kxd7 18. Rd1 Ke7 19. Bxd4 Nf3+ 20. Ke2 Nxd4+
21. Rxd4 Rhd8 22. Rhd1 Rxd4 23. Rxd4 Rc8 24. Rb4 b6 25. Kd2 Rc5 26. f4 Rd5+ 27.
Ke2 Rc5 28. Kd2 g5 29. Ke3 f6 30. exf6+ Kxf6 31. a3 Rc2 32. Kf3 Rd2 33. fxg5+
Kxg5 34. Rb5+ Rd5 35. Rb3 Kh4 36. Ke2 Re5+ 37. Kd2 Rd5+ 38. Ke2 Re5+ 39. Kd2
Rd5+ 40. Ke2 Re5+ 1/2-1/2

[Event "Szachowe Lato Poznan 2011, OPEN"]
[Site "WSUS, Poznan"]
[Date "2011.??.20"]
[Round "5.13"]
[White "Jaskowski, Tadeusz"]
[Black "Zielewicz, Piotr"]
[Result "1/2-1/2"]
[WhiteElo "1914"]
[BlackElo "1773"]
[PlyCount "93"]
[EventDate "2011.??.??"]

1. e4 c5 2. Nf3 d6 3. c3 Nf6 4. Bc4 e6 5. Qe2 Be7 6. d4 d5 7. exd5 exd5 8. Bb5+
Bd7 9. dxc5 O-O 10. Bxd7 Nbxd7 11. O-O Bxc5 12. b4 Bd6 13. Qd3 Qc7 14. g3 Rac8
15. Bd2 Ne5 16. Nxe5 Bxe5 17. Na3 Qd7 18. f4 Bc7 19. Nb5 Bb6+ 20. Kg2 Ne4 21.
Be1 Qc6 22. Nd4 Bxd4 23. Qxd4 Rfe8 24. Rf3 Qb5 25. Rd3 Nf6 26. a4 Qa6 27. b5
Re2+ 28. Bf2 Qe6 29. h3 Ne4 30. Rf1 Nf6 31. Re3 Rxe3 32. Qxe3 a6 33. Qxe6 fxe6
34. Bd4 axb5 35. axb5 Ne4 36. Ra1 Rc7 37. b6 Rd7 38. Ra8+ Kf7 39. Rc8 Nd6 40.
Rh8 h6 41. g4 Nb5 42. Be5 d4 43. cxd4 Nxd4 44. h4 Nc6 45. Kf3 Nxe5+ 46. fxe5
Rd3+ 47. Ke4 1/2-1/2

[Event "Szachowe Lato Poznan 2011, OPEN"]
[Site "WSUS, Poznan"]
[Date "2011.??.??"]
[Round "5.14"]
[White "Rusinski, Mateusz"]
[Black "Hoffmann, Piotr"]
[Result "1-0"]
[WhiteElo "1899"]
[BlackElo "1771"]
[PlyCount "83"]
[EventDate "2011.??.??"]

1. e4 e5 2. Nf3 Nc6 3. d4 exd4 4. Bc4 d6 5. c3 Be6 6. Bxe6 fxe6 7. Qb3 Qd7 8.
Qxb7 Rb8 9. Qa6 dxc3 10. Nxc3 Nf6 11. O-O Be7 12. e5 Rb6 13. Qe2 dxe5 14. Nxe5
Nxe5 15. Qxe5 Bd6 16. Qe2 O-O 17. Be3 Rb7 18. Rad1 Nd5 19. Ne4 Nxe3 20. Qxe3
Qe7 21. b3 Bf4 22. Qh3 Rb6 23. g3 Bd6 24. Rd3 h6 25. Rfd1 Rf5 26. Qg4 Rc6 27.
Nxd6 Rxd6 28. Qb4 Qf8 29. Rxd6 cxd6 30. Qxd6 Qxd6 31. Rxd6 Ra5 32. a4 Kf7 33.
Rc6 Ke7 34. Kg2 g6 35. h4 h5 36. Kf3 Rf5+ 37. Ke3 a5 38. Rb6 Rc5 39. Rb5 Rc3+
40. Kd4 Rf3 41. Rxa5 Rxb3 42. Rc5 1-0

[Event "Szachowe Lato Poznan 2011, OPEN"]
[Site "WSUS, Poznan"]
[Date "2011.??.??"]
[Round "5.15"]
[White "Cholewa, Maria"]
[Black "Zak, Pawel"]
[Result "1-0"]
[WhiteElo "1857"]
[BlackElo "1743"]
[PlyCount "89"]
[EventDate "2011.??.??"]

1. e4 c5 2. Nc3 d6 3. g3 Nc6 4. Bg2 g6 5. d3 Bg7 6. Be3 Nf6 7. h3 O-O 8. f4 Qb6
9. Rb1 Qa5 10. Nge2 Bd7 11. O-O Rac8 12. g4 b5 13. a3 b4 14. axb4 cxb4 15. Ra1
Qd8 16. Nb5 a5 17. Nbd4 Ne8 18. f5 Nxd4 19. Nxd4 Qb6 20. f6 Bxf6 21. Nf5 Qc7
22. Nh6+ Kg7 23. Qf3 Be6 24. d4 Bc4 25. Rf2 e6 26. g5 Bd8 27. Rxa5 f5 28. Ra1
d5 29. exf5 exf5 30. Bf4 Qd7 31. Be5+ Bf6 32. gxf6+ Kxh6 33. Bf4+ g5 34. Bxg5+
Kxg5 35. Qf4+ Kg6 36. Qg3+ Kf7 37. Re1 Nxf6 38. b3 Ne4 39. Qh4 Nxf2 40. Qxh7+
Kf6 41. Qxd7 Ne4 42. bxc4 Rfd8 43. Qh7 Rh8 44. Qb7 dxc4 45. Qxb4 1-0

[Event "Szachowe Lato Poznan 2011, OPEN"]
[Site "WSUS, Poznan"]
[Date "2011.??.20"]
[Round "5.17"]
[White "Kupsik, Joanna"]
[Black "Lambucki, Lukasz"]
[Result "0-1"]
[WhiteElo "1696"]
[BlackElo "1844"]
[PlyCount "156"]
[EventDate "2011.??.??"]

1. e4 d6 2. d4 e5 3. dxe5 dxe5 4. Qxd8+ Kxd8 5. Nf3 Bd6 6. Bc4 Be6 7. Bxe6 fxe6
8. Be3 Nf6 9. Nc3 Nc6 10. O-O-O Ke7 11. a3 Rhb8 12. Nd2 b5 13. f3 a5 14. Nb3 a4
15. Nc5 Na5 16. Bf2 Nc6 17. Nd3 b4 18. axb4 Nxb4 19. Nc5 a3 20. bxa3 Rxa3 21.
Kd2 Nc6 22. Ra1 Rxa1 23. Rxa1 Nd4 24. Nd3 Kd7 25. Ra4 Nc6 26. Be3 Ng8 27. Bf2
Nge7 28. Ra1 Nd4 29. Ne2 Nec6 30. Ng3 g6 31. Nf5 Bb4+ 32. Nxb4 Rxb4 33. Ne3 Rb5
34. Ra8 Rb8 35. Rxb8 Nxb8 36. Ng4 Kd6 37. Kd3 c5 38. Ne3 Nd7 39. Nc4+ Kc7 40.
c3 Nc6 41. g4 Nd8 42. h4 Kc6 43. Nd2 Kb5 44. c4+ Kc6 45. Nf1 Nf7 46. Be3 Kd6
47. Ng3 Kc6 48. g5 Nd6 49. Ne2 Nb6 50. Bf2 Ndxc4 51. Bg3 Kb5 52. Nc3+ Kb4 53.
Be1 Kb3 54. Nb5 Nb2+ 55. Kd2 N6c4+ 56. Ke2 Na3 57. Nc7 Nc2 58. Nxe6 Nd4+ 59.
Nxd4+ cxd4 60. Bg3 Kc2 61. Be1 d3+ 62. Ke3 Nc4+ 63. Kf2 d2 64. Bxd2 Kxd2 65. f4
exf4 66. Kf3 Kd3 67. Kxf4 Kd4 68. Kg4 Kxe4 69. h5 Ne3+ 70. Kh4 Kf5 71. hxg6
hxg6 72. Kh3 Kxg5 73. Kg3 Nc4 74. Kf2 Kg4 75. Kg2 g5 76. Kh2 Kh4 77. Kh1 g4 78.
Kg1 Kh3 0-1

[Event "Szachowe Lato Poznan 2011, OPEN"]
[Site "WSUS, Poznan"]
[Date "2011.??.??"]
[Round "5.18"]
[White "Szymanski, Leszek"]
[Black "Szczepaniak, Artur"]
[Result "1-0"]
[WhiteElo "1840"]
[BlackElo "1654"]
[PlyCount "85"]
[EventDate "2011.??.??"]

1. c4 Nf6 2. Nc3 g6 3. g3 Bg7 4. Bg2 O-O 5. e4 d6 6. Nge2 Nc6 7. d3 a6 8. O-O
Rb8 9. f4 e6 10. Rb1 Ne7 11. Be3 c5 12. d4 cxd4 13. Bxd4 Nc6 14. Rf3 Nxd4 15.
Nxd4 e5 16. fxe5 dxe5 17. Nde2 Qxd1+ 18. Rxd1 Bd7 19. Rfd3 Bc6 20. b4 Rfc8 21.
Bh3 Rf8 22. Bg2 Rfc8 23. a4 b5 24. axb5 axb5 25. c5 Bf8 26. Nc1 Be7 27. Nd5 Kf8
28. Nb3 Bd8 29. Bh3 Rc7 30. Nxc7 Bxc7 31. Bg2 Ke8 32. Nd2 Rd8 33. Rxd8+ Bxd8
34. h3 Ke7 35. Ra1 Ne8 36. Kf2 Kd7 37. h4 Nc7 38. Nb3 Kc8 39. Bh3+ Kb8 40. Ke3
h5 41. Rd1 Be7 42. Na5 Be8 43. Bd7 1-0

[Event "Szachowe Lato Poznan 2011, OPEN"]
[Site "WSUS, Poznan"]
[Date "2011.??.??"]
[Round "5.19"]
[White "Kaluzny, Tomasz"]
[Black "Simon, Marek"]
[Result "0-1"]
[WhiteElo "1635"]
[BlackElo "1819"]
[PlyCount "80"]
[EventDate "2011.??.??"]

1. d4 c5 2. e3 cxd4 3. exd4 d5 4. Nf3 Nc6 5. c3 Bf5 6. Bd3 Bxd3 7. Qxd3 e6 8.
O-O Bd6 9. Be3 Nge7 10. Nbd2 h6 11. Nb3 O-O 12. Ne1 Nf5 13. Bd2 Rb8 14. f4 g6
15. Nf3 Ng7 16. Ne5 Kh7 17. g4 Qc7 18. h4 f5 19. Qh3 Rg8 20. Kh1 Bxe5 21. dxe5
b6 22. g5 h5 23. Rac1 Qd7 24. Be3 Rgc8 25. Nd4 Nxd4 26. cxd4 Rxc1 27. Rxc1 Rc8
28. Qf1 Ne8 29. Rxc8 Qxc8 30. Qc1 Qc4 31. a3 Kg8 32. Qd2 Kf7 33. Kg1 Ke7 34.
Kf2 Kd7 35. Qe1 Kc6 36. Qd1 Kb5 37. Qe1 a5 38. Qd2 Nc7 39. Qc3 Qxc3 40. bxc3
Kc4 0-1

[Event "Szachowe Lato Poznan 2011, OPEN"]
[Site "WSUS, Poznan"]
[Date "2011.??.??"]
[Round "5.21"]
[White "Jarmuzek, Karolina"]
[Black "Rys, Marek"]
[Result "1/2-1/2"]
[WhiteElo "1559"]
[BlackElo "1811"]
[PlyCount "94"]
[EventDate "2011.??.??"]

1. e4 e5 2. Nf3 Nc6 3. Bc4 Be7 4. d4 exd4 5. Nxd4 d6 6. O-O Nf6 7. Nc3 O-O 8.
h3 Nxe4 9. Bxf7+ Rxf7 10. Nxe4 Nxd4 11. Qxd4 Bf5 12. c3 Bxe4 13. Qxe4 d5 14.
Qc2 c6 15. Be3 Bf6 16. Rad1 Qc7 17. Bd4 Bxd4 18. Rxd4 Re8 19. c4 dxc4 20. Qxc4
g6 21. Rfd1 Kg7 22. Qc3 Qe5 23. Qd2 Qe2 24. Qxe2 Rxe2 25. R1d2 Rxd2 26. Rxd2
Kf6 27. f3 Ke5 28. Kf2 c5 29. Ke3 b5 30. Rd8 Rc7 31. f4+ Ke6 32. Ke4 Rb7 33.
Rd5 c4 34. g4 a6 35. h4 Rc7 36. h5 b4 37. hxg6 hxg6 38. Rd2 a5 39. Rc2 a4 40.
Kd4 Rd7+ 41. Kxc4 Rf7 42. Re2+ Kd6 43. Re4 Rb7 44. f5 gxf5 45. gxf5 b3 46. axb3
Rxb3 47. Re2 Rf3 1/2-1/2

[Event "Szachowe Lato Poznan 2011, OPEN"]
[Site "WSUS, Poznan"]
[Date "2011.??.??"]
[Round "5.22"]
[White "Niekras, Dawid"]
[Black "Jablonski, Grzegorz"]
[Result "1-0"]
[WhiteElo "1797"]
[BlackElo "1618"]
[PlyCount "111"]
[EventDate "2011.??.??"]

1. e4 d5 2. exd5 Qxd5 3. Nc3 Qa5 4. d4 c6 5. Bf4 Nf6 6. Bc4 e6 7. Nge2 Be7 8.
O-O O-O 9. Qd2 Nbd7 10. Nd5 Bd8 11. b4 Qa3 12. Nxf6+ Nxf6 13. Rfb1 b5 14. Bd3
Qa6 15. Bd6 Re8 16. Nc3 Be7 17. Bxe7 Rxe7 18. a4 Qb6 19. axb5 cxb5 20. Nxb5 Bb7
21. Na3 Qc6 22. f3 e5 23. dxe5 Rxe5 24. Qf2 a6 25. Nc4 Re7 26. Qb6 Qd5 27. Ra5
Qd7 28. Bf5 Qe8 29. Nd6 Re1+ 30. Kf2 Qe2+ 31. Kg3 Nh5+ 32. Kh4 Qe7+ 33. Kxh5
g6+ 34. Kg4 h5+ 35. Kh3 Rxb1 36. Qxb7 Qxb7 37. Nxb7 gxf5 38. c3 Kg7 39. Rxf5
Kg6 40. Rc5 f6 41. Nd6 Rd8 42. Rc6 Rc1 43. Ne4 Rd3 44. Rxf6+ Kg7 45. Rxa6 Rd5
46. Rc6 Rb1 47. c4 Rd4 48. b5 Rb3 49. Nc5 Rxc4 50. Nxb3 Rb4 51. Nd2 Rxb5 52.
Ne4 Rb3 53. Ng3 Rb5 54. Kh4 Rb2 55. Nxh5+ Kf7 56. Nf4 1-0

[Event "Szachowe Lato Poznan 2011, OPEN"]
[Site "WSUS, Poznan"]
[Date "2011.??.??"]
[Round "5.28"]
[White "Wisniewski, Wieslaw"]
[Black "Kostecki, Samuel"]
[Result "0-1"]
[WhiteElo "1597"]
[BlackElo "1341"]
[PlyCount "37"]
[EventDate "2011.??.??"]

1. d4 c5 2. e3 Nc6 3. Nf3 e6 4. c4 d5 5. Nc3 Nf6 6. b3 cxd4 7. Nxd4 Bb4 8. Nde2
Ne4 9. Bd2 Nxd2 10. Qxd2 O-O 11. cxd5 Qxd5 12. Qxd5 exd5 13. a3 d4 14. axb4
dxc3 15. Nxc3 Nxb4 16. Rc1 Bf5 17. e4 Be6 18. f3 Rac8 19. Ne2 0-1